Jesús y judaísmo

Guardat en:
Dades bibliogràfiques
Autor principal: Sanders, E. P (autor)
Format: Llibre
Idioma:espanyol
Publicat: Madrid Trotta 2004
Col·lecció:Colección Estructuras y procesos. Serie Religión
Matèries:
Etiquetes: Afegir etiqueta
Sense etiquetes, Sigues el primer a etiquetar aquest registre!

MARC

LEADER 00000nam a2200000 a 4500
001 UCJ1899
003 CL-VaPUC
008 061117e20040000SP |||||||||||||||||spa|d
020 |a 8481646857 
082 0 4 |a 270  |b SAN  |2 21 
100 |a Sanders, E. P  |e autor  |9 502687 
245 1 0 |a Jesús y judaísmo 
300 |a 542 p 
942 |c BK 
945 |d 20061117 00:00:00  |a jtorresc 
260 |a Madrid  |b Trotta  |c 2004 
650 0 |a Cristianismo  |9 257361 
650 0 |a Historia y crítica   |9 257407 
650 7 |a JUDAISMO TEOLOGIA CRISTIANA  |2 CL-VaPUC  |9 322071 
650 7 |a JESUS  |2 CL-VaPUC  |9 395298 
583 |a last modification  |c 20061117 00:00:00  |k Rodrigo Vera 
490 0 |a Colección Estructuras y procesos. Serie Religión 
999 |c 318331  |d 318329 
952 |0 0  |1 0  |4 0  |6 270_000000000000000_SAN_2004  |7 0  |8 A  |9 396086  |a BIBHIS  |b BIBHIS  |d 2019-11-22  |i 4257227  |o 270 SAN 2004  |p 4257227  |r 2025-01-20  |w 2019-11-22  |y BK  |k HIS